1807 1874 1295 1884 1373 1432 1067 1116 1703 1020 1615 1254 1281 1446 1653 1626 1075 1882 1139 1723 1176 1435 1620 1238 1350 1196 1054 1284 1269 1564 1271 1381 1690 1717 1026 1341 1594 1447 1327 1536 1944 1642 1181 1333 1656 1372 1087 1274 1015 1606 1430 1246 1723 1237 1378 1728 1505 1319 1295 1138 1550 1880 1263 1414 1144 1322 1967 1599 1260 1741 1611 1961 1838 1804 1932 1084 1452 1118 1118 1995 1552 1838 1884 1208 1274 1783 1417 1000 1022 1388 1745 1436 1437 1912 1085 1819 1223 1156 1093 BCNSPRNW ULIB Ver.6.0+V

เปลี่ยนเป็นภาษาไทย

Change to English
 แสดงรายละเอียดบรรณานุกรม
  กลับหน้าหลัก

Brief Record : Get Marc (ISO 2709) : E-mail record : QR code < ปิดหน้าต่าง
LEADER : 00000nam 2200000uu 4500
001    13399127945
003     ULIB
008    211116s2019||||th 000 0 tha d
020    ^a9781975121365
060 04 ^aWB17^bL987L
100 1  ^aLynn, Pamela
245 10 ^aLippincott s photo atlas of medication administration /^cPamela, Lynn
246 Ph ^ato atlas of medication administration
250    ^a6th ed.
260    ^aPhiladelphia :^bLippincott Williams & Wilkins,^c2019
300    ^a115 p. :^bill. ;^c28 cm.
650  2 ^aDrug Therapy^xnurses instruction
650  2 ^aPharmaceutical Preparation^xnurses instruction
650  2 ^aPharmacology^xnurses instruction
650  2 ^aPharmaceutical Preparation^xadministration & dosage
945    ^p1555^l0^i008533
999    ^aประนอม เกษจรัล
รายการนี้ยังไม่มีแท็ก
คุณยังไม่ได้ล็อกอิน คุณสามารถมีกิจกรรมร่วมกับเว็บไซต์ได้ แต่ต้องล็อกอินก่อน ::
  ล็อกอิน

รายการสื่อสารสนเทศ

ลำดับที่ ประเภท เลขเรียก/บาร์โค้ด สถานที่ สถานะ
1. วิทยาศาสตร์การแพทย์ และสุขภาพ
หนังสือสำรอง
สถานะ=หนังสือสำรอง
WB17 L987L ฉ.1 
  Barcode: 008533
ห้องสมุดวิทยาเขตสวรรค์ประชารักษ์
►หนังสือทั่วไป
บนชั้น

รายการใกล้เคียง
    ผู้แต่ง [Lynn, Pamela]

BibComment


ยังไม่เคยถูกคอมเมนท์

คอมเมนท์ทรัพยากรรายการนี้
  คอมเมนท์: Lippincott s pho..


 Copyright 2026. Bcnsprnw @Library